000 00405nam a2200181Ia 4500
001 1377
005 20260306143724.0
008 260306t1985||||xx |||||||||||||| ||spa||
041 _aESP
082 _a196.1
_bZ89
100 _aZubiri, Xavier
_eAUT
245 0 _aSobre la esencia
260 _c1985
300 _a574 páginas :
_c23 cm.
650 _aGEN
654 _aCHU
942 _cLIB
_dJUS
_fJUS
_2ddc
_n
999 _c1377
_d1377